|
|
|
|
| LEADER |
00724nab a2200217 i 4500 |
| 001 |
publ36463 |
| 005 |
20250411085959.0 |
| 008 |
250411s2024 hu o 000 hun d |
| 022 |
|
|
|a 1219-8641
|
| 024 |
7 |
|
|a 35608304
|2 mtmt
|
| 040 |
|
|
|a SZTE Publicatio Repozitórium
|b hun
|
| 041 |
|
|
|a hun
|
| 100 |
1 |
|
|a Czimbalmos Nándor
|
| 245 |
1 |
0 |
|a Húgyúti fertőzések és kezelésük
|h [elektronikus dokumentum] /
|c Czimbalmos Nándor
|
| 260 |
|
|
|c 2024
|
| 300 |
|
|
|a 550-553
|
| 490 |
0 |
|
|a HÁZIORVOS TOVÁBBKÉPZŐ SZEMLE
|v 29 No. 9
|
| 650 |
|
4 |
|a Klinikai orvostan
|
| 700 |
0 |
1 |
|a Fehér Ádám Miklós
|e aut
|
| 700 |
0 |
1 |
|a Bajory Zoltán
|e aut
|
| 856 |
4 |
0 |
|u http://publicatio.bibl.u-szeged.hu/36463/1/HTSZ_2024_09_Czimbalmos.pdf
|z Dokumentum-elérés
|